En el alba del milenio (Record no. 139823)

MARC details
000 -LEADER
fixed length control field 00813nam a22002057a 4500
005 - DATE AND TIME OF LATEST TRANSACTION
control field 20230511085101.0
008 - FIXED-LENGTH DATA ELEMENTS--GENERAL INFORMATION
fixed length control field 230419b ec |||||||| |||| 00| 0 spa d
020 ## - INTERNATIONAL STANDARD BOOK NUMBER
International Standard Book Number 9978840257 (Colección)
020 ## - INTERNATIONAL STANDARD BOOK NUMBER
International Standard Book Number 9978842624 (vol. 50)
050 04 - LIBRARY OF CONGRESS CALL NUMBER
Classification number P92.L29
Item number O78 1999
100 1# - MAIN ENTRY--PERSONAL NAME
Personal name Ortíz Crespo, Gonzalo
245 10 - TITLE STATEMENT
Title En el alba del milenio
Remainder of title : globalización y medios de comunicación en América Latina
Statement of responsibility, etc / Gonzalo Ortiz Crespo.
260 ## - PUBLICATION, DISTRIBUTION, ETC. (IMPRINT)
Place of publication, distribution, etc Quito :
Name of publisher, distributor, etc Corporación Editora Nacional,
Date of publication, distribution, etc 1999
300 ## - PHYSICAL DESCRIPTION
Extent 276 p. ;
Dimensions 21 cm.
490 0# - SERIES STATEMENT
Series statement Biblioteca de Ciencias Sociales ;
Volume number/sequential designation 50
504 ## - BIBLIOGRAPHY, ETC. NOTE
Bibliography, etc Bibliografía : p. 263-269
650 #4 - SUBJECT ADDED ENTRY--TOPICAL TERM
Source of heading or term lemb
Topical term or geographic name as entry element Medios de comunicación masiva
General subdivision Globalización
Geographic subdivision América Latina
650 #7 - SUBJECT ADDED ENTRY--TOPICAL TERM
Source of heading or term lemb
Topical term or geographic name as entry element Medios de comunicación de masas
General subdivision Globalización
Geographic subdivision América Latina
942 ## - ADDED ENTRY ELEMENTS (KOHA)
Source of classification or shelving scheme Biblioteca del Cogreso de los Estados Unidos
Koha item type Libro
Holdings
Estado de pérdida Fuente de clasificación Estado del daño No para préstamo Ubicación permanente Ubicación actual Apartado o colección Fecha de adquisición Fuente de adquisición Edición Área del conocimiento Total Checkouts Clasificación Código de Barras Date last seen Número de copia Costo por reposición Tipo de recurso
  Biblioteca del Cogreso de los Estados Unidos     Biblioteca del Posgrado en Derecho Biblioteca del Posgrado en Derecho Colección Ernesto Villanueva 11/05/2023 Donación 1a ed. Educación y Humanidades   P92.L29 O78 1999 BPD000001989 11/05/2023 1 1.00 Libro